| 000 | 00853nas a2200253 4500 | ||
|---|---|---|---|
| 001 | BR9703575 | ||
| 003 | BR-BrBNA | ||
| 005 | 20231205100315.0 | ||
| 007 | ta | ||
| 008 | 230509b bl.|||p| |||| 00| 00por d | ||
| 040 |
_aBR-BrBNA _bpor _cBiblioteca Nacional de Agricultura |
||
| 041 | _a(Pt) | ||
| 072 | _aE12 | ||
| 100 | 1 | _aPaulillo, L.F. | |
| 245 | 1 | _aO avanco do setor servicos nos complexos agroindustriais: a terceirizacao agroindustrial e as cooperativas de mao-de-obra rural na citricultura | |
| 650 | _aFruta Citrica | ||
| 650 | _aIndustria Agricola | ||
| 650 | _aMao-de-Obra | ||
| 650 | _aProducao | ||
| 650 | _aCooperativa | ||
| 773 | 0 |
_tInformacoes Economicas - Instituto de Economia Agricola (Brazil) _xISSN 0100-4409 _g(Sep 1996), v. 26(9) p. 37-53 _wBR9703575 |
|
| 909 |
_a202311 _bLúcia _c55 _dLúcia Elande |
||
| 942 |
_2AGRIS _n0 _cANA |
||
| 999 |
_c155268 _d155268 |
||